Grid computing (Record no. 179487)

000 -LEADER
fixed length control field 00378nam a2200133Ia 4500
008 - FIXED-LENGTH DATA ELEMENTS--GENERAL INFORMATION
fixed length control field 220217s9999||||xx |||||||||||||| ||und||
020 ## - INTERNATIONAL STANDARD BOOK NUMBER
International Standard Book Number 978-81-317-0885-9
082 ## - DEWEY DECIMAL CLASSIFICATION NUMBER
Classification number 004.65 JOS
100 ## - MAIN ENTRY--PERSONAL NAME
Personal name Joseph, Joshey and Fellenstein
9 (RLIN) 6717
245 #0 - TITLE STATEMENT
Title Grid computing
260 ## - PUBLICATION, DISTRIBUTION, ETC.
Place of publication, distribution, etc. Pearson education of asia
Name of publisher, distributor, etc. New Delhi
Date of publication, distribution, etc. 2004
300 ## - PHYSICAL DESCRIPTION
Other physical details 400
650 ## - SUBJECT ADDED ENTRY--TOPICAL TERM
Topical term or geographic name entry element PROGRAMMING LANGUAGE
Holdings
Withdrawn status Lost status Damaged status Not for loan Collection code Home library Current library Shelving location Date acquired Full call number Barcode Date last seen Price effective from Koha item type
        Computer Science and Engineering Central Library Central Library Book Cart 02/18/2022 004.65 JOS 14676 02/18/2022 02/18/2022 Books

Powered by Koha